000 00268nam a22001097a 4500
008 140425t xxu||||| |||| 00| 0 eng d
020 _a9780849375835
100 _aJames Swarbrick
_9832
245 _aGood Laboratory Practice Regulations
300 _a244
942 _2ddc
_cBK
999 _c17077
_d17077